000 00391nam a22001337a 4500
020 _qPB.
040 _cFIZZA ISHAQ
082 _a420
_bDOH
100 _a Doherty , Brendan J.
_9134106
245 _aClash of Ideals: Cases in American Political Development /
_cBrendan J. Doherty.
260 _aNew York:
_bLanahan Pub Inc,
_c2010.
300 _a151 P. ;
_c8.4 x 5.6 inches,
942 _2ddc
_cBK
999 _c617041
_d617041